Every Women's Title match in WrestleMania History - Statistics

General Stats
  • This quiz has been taken 675 times
    46 since last reset
  • The average score is 101 of 130
Answer Stats
WM Year Title Match Type Wrestler % Correct
XXX 2014 WWE Diva's Title Vickie Guerrero Invitational AJ Lee
96%
42 2026 Women's Intercontinental Title AJ Lee
96%
33 2017 Raw Women's Title 4-Way Elimination match Bayley
92%
35 2019 WWE Women's Tag Team Titles 4-Team match Bayley
92%
36 2020 Smackdown Women's Title 5-Way Elimination Match Bayley
92%
XL 2024 WWE Women's Title Bayley
92%
42 2026 WWE Women's Tag Team Titles 4-Team match Bayley
92%
32 2016 WWE Women's Title Triple Threat match Becky Lynch
92%
33 2017 Smackdown Women's Title 6-Pack Challenge match Becky Lynch
92%
35 2019 Raw & Smackdown Women's Titles Winner Takes All Triple Threat Match Becky Lynch
92%
36 2020 Raw Women's Title Becky Lynch
92%
38 2022 Raw Women's Title Becky Lynch
92%
XL 2024 Women's World Title Becky Lynch
92%
41 2025 WWE Women's Tag Team Titles Becky Lynch
92%
42 2026 Women's Intercontinental Title Becky Lynch
92%
32 2016 WWE Women's Title Triple Threat match Charlotte Flair
92%
33 2017 Raw Women's Title 4-Way Elimination match Charlotte Flair
92%
34 2018 Smackdown Women's Title Charlotte Flair
92%
35 2019 Raw & Smackdown Women's Titles Winner Takes All Triple Threat Match Charlotte Flair
92%
36 2020 NXT Women's Title Charlotte Flair
92%
38 2022 Smackdown Women's Title Charlotte Flair
92%
39 2023 Smackdown Women's Title Charlotte Flair
92%
41 2025 WWE Women's Title Charlotte Flair
92%
33 2017 Raw Women's Title 4-Way Elimination match Nia Jax
92%
34 2018 Raw Women's Title match Nia Jax
92%
35 2019 WWE Women's Tag Team Titles 4-Team match Nia Jax
92%
37 2021 WWE Women's Tag Team Titles Nia Jax
92%
42 2026 WWE Women's Tag Team Titles 4-Team match Nia Jax
92%
XXX 2014 WWE Diva's Title Vickie Guerrero Invitational Nikki Bella
92%
36 2020 NXT Women's Title Rhea Ripley
92%
37 2021 Raw Women's Title Rhea Ripley
92%
38 2022 WWE Women's Tag Team Titles 4-Team match Rhea Ripley
92%
39 2023 Smackdown Women's Title Rhea Ripley
92%
XL 2024 Women's World Title Rhea Ripley
92%
41 2025 Women's World Title Triple Threat Match Rhea Ripley
92%
42 2026 WWE Women's Title Rhea Ripley
92%
34 2018 Smackdown Women's Title Asuka
88%
36 2020 WWE Women's Tag Team Titles Asuka
88%
37 2021 Raw Women's Title Asuka
88%
39 2023 Raw Women's Title Asuka
88%
37 2021 Smackdown Women's Title Bianca Belair
88%
38 2022 Raw Women's Title Bianca Belair
88%
39 2023 Raw Women's Title Bianca Belair
88%
41 2025 Women's World Title Triple Threat Match Bianca Belair
88%
XXX 2014 WWE Diva's Title Vickie Guerrero Invitational Brie Bella
88%
42 2026 WWE Women's Tag Team Titles 4-Team match Brie Bella
88%
XL 2024 WWE Women's Title Iyo Sky
88%
41 2025 Women's World Title Triple Threat Match Iyo Sky
88%
42 2026 WWE Women's Title Jade Cargill
88%
38 2022 WWE Women's Tag Team Titles 4-Team match Liv Morgan
88%
41 2025 WWE Women's Tag Team Titles Liv Morgan
88%
42 2026 Women's World Title Liv Morgan
88%
XXX 2014 WWE Diva's Title Vickie Guerrero Invitational Naomi
88%
33 2017 Smackdown Women's Title 6-Pack Challenge match Naomi
88%
36 2020 Smackdown Women's Title 5-Way Elimination Match Naomi
88%
38 2022 WWE Women's Tag Team Titles 4-Team match Naomi
88%
XXX 2014 WWE Diva's Title Vickie Guerrero Invitational Natalya
88%
33 2017 Smackdown Women's Title 6-Pack Challenge match Natalya
88%
35 2019 WWE Women's Tag Team Titles 4-Team match Natalya
88%
37 2021 WWE Women's Tag Team Titles Natalya
88%
38 2022 WWE Women's Tag Team Titles 4-Team match Natalya
88%
42 2026 WWE Women's Tag Team Titles 4-Team match Paige
88%
35 2019 Raw & Smackdown Women's Titles Winner Takes All Triple Threat Match Ronda Rousey
88%
38 2022 Smackdown Women's Title Ronda Rousey
88%
32 2016 WWE Women's Title Triple Threat match Sasha Banks
88%
33 2017 Raw Women's Title 4-Way Elimination match Sasha Banks
88%
35 2019 WWE Women's Tag Team Titles 4-Team match Sasha Banks
88%
36 2020 Smackdown Women's Title 5-Way Elimination Match Sasha Banks
88%
37 2021 Smackdown Women's Title Sasha Banks
88%
38 2022 WWE Women's Tag Team Titles 4-Team match Sasha Banks
88%
33 2017 Smackdown Women's Title 6-Pack Challenge match Alexa Bliss
83%
34 2018 Raw Women's Title match Alexa Bliss
83%
36 2020 WWE Women's Tag Team Titles Alexa Bliss
83%
42 2026 WWE Women's Tag Team Titles 4-Team match Alexa Bliss
83%
1 1985 WWF Women's Title Leilani Kai
83%
X 1994 WWF Women's Title Leilani Kai
83%
42 2026 Women's World Title Stephanie Vaquer
83%
X-8 2002 WWF Women's Title Triple Threat match Trish Stratus
83%
XIX 2003 WWE Women's Title Triple Threat match Trish Stratus
83%
21 2005 WWE Women's Title Trish Stratus
83%
22 2006 WWE Women's Title Trish Stratus
83%
42 2026 WWE Women's Tag Team Titles 4-Team match Lash Legend
79%
X-8 2002 WWF Women's Title Triple Threat match Lita
79%
42 2026 WWE Women's Tag Team Titles 4-Team match Charlotte Flair
75%
36 2020 WWE Women's Tag Team Titles Kairi Sane
75%
41 2025 WWE Women's Tag Team Titles Lyra Valkyria
75%
42 2026 WWE Women's Tag Team Titles 4-Team match Lyra Valkyria
75%
41 2025 WWE Women's Tag Team Titles Raquel Rodriguez
75%
41 2025 WWE Women's Title Tiffany Stratton
75%
X-7 2001 WWF Women's Title Chyna
71%
22 2006 WWE Women's Title Mickie James
71%
33 2017 Smackdown Women's Title 6-Pack Challenge match Mickie James
71%
XIX 2003 WWE Women's Title Triple Threat match Victoria
71%
XX 2004 WWE Women's Title Hair vs. Title match Victoria
71%
35 2019 WWE Women's Tag Team Titles 4-Team match Beth Phoenix
67%
33 2017 Smackdown Women's Title 6-Pack Challenge match Carmella
67%
38 2022 WWE Women's Tag Team Titles 4-Team match Carmella
67%
XX 2004 WWE Women's Title Hair vs. Title match Molly Holly
67%
36 2020 WWE Women's Tag Team Titles Nikki Cross
67%
35 2019 WWE Women's Tag Team Titles 4-Team match Tamina
67%
XXX 2014 WWE Diva's Title Vickie Guerrero Invitational Tamina Snuka
67%
36 2020 Smackdown Women's Title 5-Way Elimination Match Tamina Snuka
67%
37 2021 WWE Women's Tag Team Titles Tamina Snuka
67%
35 2019 WWE Women's Tag Team Titles 4-Team match Billie Kay
63%
XXX 2014 WWE Diva's Title Vickie Guerrero Invitational Eva Marie
63%
X-8 2002 WWF Women's Title Triple Threat match Jazz
63%
XIX 2003 WWE Women's Title Triple Threat match Jazz
63%
23 2007 WWE Women's Title Lumberjill match Melina
63%
35 2019 WWE Women's Tag Team Titles 4-Team match Peyton Royce
63%
XXX 2014 WWE Diva's Title Vickie Guerrero Invitational Alicia Fox
58%
36 2020 Raw Women's Title Shayna Baszler
58%
37 2021 WWE Women's Tag Team Titles Shayna Baszler
58%
38 2022 WWE Women's Tag Team Titles 4-Team match Shayna Baszler
58%
2 1986 WWF Women's Title The Fabulous Moolah
58%
X 1994 WWF Women's Title Alundra Blayze
54%
X-7 2001 WWF Women's Title Ivory
54%
38 2022 WWE Women's Tag Team Titles 4-Team match Queen Zelina
54%
1 1985 WWF Women's Title Wendi Richter
54%
36 2020 Smackdown Women's Title 5-Way Elimination Match Lacey Evans
50%
XXX 2014 WWE Diva's Title Vickie Guerrero Invitational Layla
50%
XV 1999 WWF Women's Title Sable
50%
XXX 2014 WWE Diva's Title Vickie Guerrero Invitational Cameron
46%
XXX 2014 WWE Diva's Title Vickie Guerrero Invitational Summer Rae
46%
XXX 2014 WWE Diva's Title Vickie Guerrero Invitational Aksana
42%
23 2007 WWE Women's Title Lumberjill match Ashley
42%
XXX 2014 WWE Diva's Title Vickie Guerrero Invitational Emma
42%
XXX 2014 WWE Diva's Title Vickie Guerrero Invitational Rosa Mendes
38%
XV 1999 WWF Women's Title Tori
38%
21 2005 WWE Women's Title Christy Hemme
29%
2 1986 WWF Women's Title Velvet McIntyre
25%
No matching quizzes found
Score Distribution
Percent of People with Each Score
Percentile by Number Answered
Your Score History
You have not taken this quiz since the last reset